Understanding computers (Record no. 6304)

MARC details
000 -LEADER
fixed length control field 01058nam a22001817a 4500
003 - CONTROL NUMBER IDENTIFIER
control field GBCCL
005 - DATE AND TIME OF LATEST TRANSACTION
control field 20241126110600.0
008 - FIXED-LENGTH DATA ELEMENTS--GENERAL INFORMATION
fixed length control field 180509b ||||| |||| 00| 0 eng d
040 ## - CATALOGING SOURCE
Transcribing agency gbc
082 ## - DEWEY DECIMAL CLASSIFICATION NUMBER
Classification number 004
Item number TIM
110 ## - MAIN ENTRY--CORPORATE NAME
Corporate name or jurisdiction name as entry element Time-Life Books.
9 (RLIN) 11295
245 ## - TITLE STATEMENT
Title Understanding computers
Statement of responsibility, etc. Time-Life Books.
260 ## - PUBLICATION, DISTRIBUTION, ETC.
Place of publication, distribution, etc. Alexandria, Va. :
Name of publisher, distributor, etc. Time-Life Books,
Date of publication, distribution, etc. 1985-
300 ## - PHYSICAL DESCRIPTION
Extent volumes : color illustrations ; 29 cm
505 ## - FORMATTED CONTENTS NOTE
Formatted contents note v.1 Computer basics. --<br/>v. 2 Software. --<br/>v. 3. Computer images. --<br/>v. 4. Input/Output. --<br/>v. 5. computer security. --<br/>v. 6. Artificial Intelligence. --<br/>v. 7 Computer languages. --<br/>v. 8. Communications. --<br/>v. 9. Robotics. --<br/>v. 10. Speed and Power. --<br/>v. 11. space. --<br/>v. 12 Revolution in Space. --<br/>v. 13. Memory and storage. --<br/>v. 14. Computerized society. --<br/>v. 15 Transportation. --<br/>v. 16. Military frontier. --<br/>v. 17 Computers and the cosmos. --<br/>v. 18 Chip makers. --<br/>v. 19 Puzzle master. --<br/>v. 20 Software challenge. --<br/>v. 21 Human body. --<br/>v. 22 alternate computing.
650 ## - SUBJECT ADDED ENTRY--TOPICAL TERM
Topical term or geographic name entry element Computers.
9 (RLIN) 11296
942 ## - ADDED ENTRY ELEMENTS (KOHA)
Source of classification or shelving scheme Dewey Decimal Classification
Koha item type Reference Books
Holdings
Withdrawn status Lost status Source of classification or shelving scheme Damaged status Not for loan Home library Current Library Shelving location Date acquired Total checkouts Full call number Barcode Date last seen Copy number Price effective from Koha item type
    Dewey Decimal Classification     GRACE BIBLE COLLEGE GRACE BIBLE COLLEGE Encyclopedia 2018-05-09   004 TIM 008032 2025-05-01 v.1 2018-05-09 Reference Books
    Dewey Decimal Classification     GRACE BIBLE COLLEGE GRACE BIBLE COLLEGE Encyclopedia 2018-05-09   004 TIM 008062 2025-05-01 v.5 2018-05-09 Reference Books
    Dewey Decimal Classification     GRACE BIBLE COLLEGE GRACE BIBLE COLLEGE Encyclopedia 2018-05-09   004 TIM 008065 2025-05-01 v.7 2018-05-09 Reference Books
    Dewey Decimal Classification     GRACE BIBLE COLLEGE GRACE BIBLE COLLEGE Encyclopedia 2018-05-09   004 TIM 008071 2025-05-01 v.8 2018-05-09 Reference Books
    Dewey Decimal Classification     GRACE BIBLE COLLEGE GRACE BIBLE COLLEGE Encyclopedia 2018-05-09   004 TIM 008081 2025-05-01 v.13 2018-05-09 Reference Books
    Dewey Decimal Classification     GRACE BIBLE COLLEGE GRACE BIBLE COLLEGE Encyclopedia 2018-05-09   004 TIM 008289 2025-05-01 v.14 2018-05-09 Reference Books
    Dewey Decimal Classification     GRACE BIBLE COLLEGE GRACE BIBLE COLLEGE Encyclopedia 2018-05-09   004 TIM 008293 2025-05-01 v.22 2018-05-09 Reference Books
© Grace Bible College Library 2025